| 000 | 01382cam a2200361 i 4500 | ||
|---|---|---|---|
| 001 | 64186 | ||
| 003 | Mx-PuUPA | ||
| 005 | 20251107083154.0 | ||
| 008 | 160429s2021 sp gr 000 0 eng d | ||
| 017 | _aM-169-2021 | ||
| 020 | _a9788413390475 | ||
| 040 |
_cMx-PuUPA _aMx-PuUPA _bspa _dMx-PuUPA _erda |
||
| 041 | 1 |
_aspa _heng |
|
| 100 | 1 |
_aBrague, Rémi, _d1947- _eautor _916967 |
|
| 240 | 1 | 0 |
_aCuring mad truths. Medieval wisdom for the modern age. _lEspañol |
| 245 | 1 | 0 |
_aManicomio de verdades : _bremedios medievales para la era moderna / _cRèmi Brague ; traducción de Consuelo del Val |
| 264 | 1 |
_aMadrid : _bEdiciones Encuentro, _c2021 |
|
| 300 |
_a190 páginas ; _c23 cm |
||
| 336 |
_atexto _2rdacontent _btxt |
||
| 337 |
_asin medio _2rdamedia _bn |
||
| 338 |
_aVolumen _2rdacarrier _bnc |
||
| 490 | 0 |
_aColección Nuevo Ensayo ; _v70 |
|
| 650 | 7 |
_2armarc _aAntropología teológica _xCristianismo |
|
| 650 | 7 |
_2armarc _aCivilización medieval |
|
| 650 | 7 |
_2armarc _aFilosofía medieval |
|
| 700 | 1 |
_aVal, Consuelo Del, _etraductor |
|
| 765 | 0 |
_aBrague, Rémi, 1947- _tCuring mad truths. Medieval wisdom for the modern age. |
|
| 942 |
_2ddc _cLI _h190 _iB74 |
||
| 999 |
_c64186 _d64186 |
||